| Tag |
First Indicator |
Second Indicator |
Subfields |
| LEADER |
00000cam a2200000Ia 4500 |
| 001 |
in00002575803 |
| 005 |
20210727090401.0 |
| 006 |
m d |
| 007 |
cr cn| |
| 008 |
100330s2009 ne a s 000 0 eng d |
| 020 |
|
|
|a 1441902457
|
| 020 |
|
|
|a 9781441902450
|
| 035 |
|
|
|a (OCoLC)587434269
|
| 035 |
|
|
|a (OCoLC)ocn587434269
|
| 035 |
|
|
|a 3706700
|
| 037 |
|
|
|a 978-1-4419-0244-3
|b Springer
|n http://www.springerlink.com
|
| 040 |
|
|
|a GW5XE
|b eng
|c GW5XE
|d UtOrBLW
|
| 049 |
|
|
|a TXAC
|
| 050 |
1 |
4 |
|a HV6025
|b .H36 2009
|
| 082 |
0 |
4 |
|a 364
|2 22
|
| 245 |
0 |
0 |
|a Handbook on crime and deviance /
|c edited by Marvin D. Krohn, Alan J. Lizotte and Gina Penly Hall.
|
| 264 |
|
1 |
|a Dordrecht ;
|a New York :
|b Springer,
|c [2009]
|
| 264 |
|
4 |
|c ©2009
|
| 300 |
|
|
|a xviii, 602 pages :
|b illustrations
|
| 336 |
|
|
|a text
|b txt
|2 rdacontent
|
| 337 |
|
|
|a computer
|b c
|2 rdamedia
|
| 338 |
|
|
|a online resource
|b cr
|2 rdacarrier
|
| 490 |
1 |
|
|a Handbooks of sociology and social research
|
| 500 |
|
|
|a Electronic resource.
|
| 533 |
|
|
|a Electronic reproduction.
|b New York :
|c Springer,
|d 2010.
|n Mode of access: World Wide Web.
|n System requirements: Web browser.
|n Title from title screen (viewed on Mar. 11, 2010).
|n Access may be restricted to users at subscribing institutions.
|
| 650 |
1 |
7 |
|a Criminologie.
|2 gtt
|
| 650 |
|
0 |
|a Crime
|x Sociological aspects.
|0 http://id.loc.gov/authorities/subjects/sh91006446
|
| 650 |
|
0 |
|a Deviant behavior.
|0 http://id.loc.gov/authorities/subjects/sh85037372
|
| 655 |
|
7 |
|a Electronic books.
|2 local
|
| 655 |
|
7 |
|a Handboeken (vorm)
|2 gtt
|
| 700 |
1 |
|
|a Hall, Gina Penly.
|0 http://id.loc.gov/authorities/names/no2010022527
|
| 700 |
1 |
|
|a Krohn, Marvin D.
|0 http://id.loc.gov/authorities/names/n78071135
|
| 700 |
1 |
|
|a Lizotte, Alan J.
|q (Alan Jeffrey),
|d 1948-
|0 http://id.loc.gov/authorities/names/no2010022718
|
| 710 |
2 |
|
|a SpringerLink (Online service)
|0 http://id.loc.gov/authorities/names/no2005046756
|
| 776 |
1 |
|
|c Original
|z 9781441902450
|z 1441902457
|z 9781441902443
|z 1441902449
|w (DLC) 2009927773
|w (OCoLC)538357899
|
| 830 |
|
0 |
|a Handbooks of sociology and social research.
|0 http://id.loc.gov/authorities/names/n99016726
|
| 856 |
4 |
0 |
|u http://proxy.library.tamu.edu/login?url=https://dx.doi.org/10.1007/978-1-4419-0245-0
|z Connect to the full text of this electronic book
|t 0
|
| 994 |
|
|
|a 92
|b TXA
|
| 999 |
|
|
|a MARS
|
| 999 |
f |
f |
|s f3fac73a-b918-3ed1-8a6e-bd7da226d8b9
|i bf0dae41-4672-349b-85a4-775ab97392d5
|t 0
|
| 952 |
f |
f |
|a Texas A&M University
|b College Station
|c Electronic Resources
|d Available Online
|t 0
|e HV6025 .H36 2009
|h Library of Congress classification
|
| 998 |
f |
f |
|a HV6025 .H36 2009
|t 0
|l Available Online
|